000 00628nam a2200229Ia 4500
003 OSt
005 20220918183656.0
006 a|||||r|||| 00| 0
007 ta
008 220917b |||||||| |||| 00| 0 eng d
024 _a39,629
037 _cTextual
040 _aARTS
_cARTS
_beng
041 _2eng
_aeng
082 _aO15:9xK36:1, G0
100 _aRajachudamani Dikshita
_963332
245 0 _aKavya darpana vol 1 ullasas 1-6 ed by S Subrahmanya Sastri
260 _c1930
650 _aENGLISH LITERATURE
942 _hO15:9xK36:1, G0
_cTEXL
_2CC
999 _c173423
_d173423